Kto zaplače pre gastráče

Výhodou zavedenia gastrolístkov sú tvrdenia, že slovenskí zamestnanci budú zdravší.

Gespeichert in:
Bibliographische Detailangaben
1. Verfasser: Kampf, Vladimír
Format: Buchkapitel
Sprache:Slowakisch
Schlagworte:
Tags: Tag hinzufügen
Keine Tags, Fügen Sie das erste Tag hinzu!

MARC

LEADER 00000naa a2200000 4500
001 0220713
005 20231113083834.9
041 0 |a slo 
044 |a SK 
245 1 0 |a Kto zaplače pre gastráče  |c Vladimír Kampf 
520 |a Výhodou zavedenia gastrolístkov sú tvrdenia, že slovenskí zamestnanci budú zdravší. 
610 2 0 |a gastronómia 
610 2 0 |a podnikanie 
610 2 0 |a zamestnanci 
610 2 0 |a zamestnávatelia 
100 1 |a Kampf, Vladimír